International Conference on "Gearing up for the Future: Library Initiative for Digital India" (Record no. 216717)

MARC details
000 -LEADER
fixed length control field 00648nam a22001697a 4500
005 - DATE AND TIME OF LATEST TRANSACTION
control field 20260617142348.0
010 ## - LCCN (DPL NO)
LC control number ENG-148875
020 ## - INTERNATIONAL STANDARD BOOK NUMBER
International Standard Book Number 8185216517
Terms of availability 3500.00
035 ## - SYSTEM CONTROL NUMBER
System control number EN-132407
037 ## - SOURCE OF ACQUISITION
Source of stock number/acquisition DBAD/PUB
082 ## - DEWEY DECIMAL CLASSIFICATION NUMBER
Classification number 025.04
245 ## - TITLE STATEMENT
Title International Conference on "Gearing up for the Future: Library Initiative for Digital India"
Remainder of title 62th ILA CONFERENCE CONFERENCE PROCEEDINGS
Statement of responsibility, etc EDITED BY ASHU SHOKEEN AND D.V. Singh
260 ## - PUBLICATION, DISTRIBUTION, ETC. (IMPRINT)
Place of publication, distribution, etc delhi
Name of publisher, distributor, etc Sakthi Publishing House
Date of publication, distribution, etc 2015
270 ## - ADDRESS
City Chennai
Address 1-C, Jeer Street, Old Washermenpet
Postal code 600021
Electronic mail address contact@sakthibooks.com
300 ## - PHYSICAL DESCRIPTION
Extent vp.
Dimensions 28cm(pbk)
942 ## - ADDED ENTRY ELEMENTS (KOHA)
Source of classification or shelving scheme Dewey Decimal Classification
Item type English Books
Classification part 000
Call number suffix REC

No items available.


© Delhi Public Library
Hit Counter
free hit counter